000 00637nam a2200205 i 4500
001 54257
003 ES-MaACL
005 20250721144332.0
007 t|
008 960718s1869 fr ||||1| fre d
040 _aCAM
_bspa
_cCAM
100 1 _aFlammarion, Camille,
_d1842-1925
_951110
245 1 3 _aLa pluralité des mondes habités ... /
_cpar Camille Flammarion.
250 _a14e éd.
260 _aParis :
_bDidier et Cie.,
_c1869 (
_fimprimerie de P. A. Bourdier et Cie.)
300 _aVIII, 475 p. :
_bil. ;
_ccm.
650 7 _aAstronomía
_2embne
_910386
852 _aES-MaACL
_jG-11087
999 _c54257
_d54257